| 000 | 02248cam a2200493 i 4500 | ||
|---|---|---|---|
| 999 |
_c6738 _d6738 |
||
| 001 | 19430564 | ||
| 003 | GBCCL | ||
| 005 | 20241126110610.0 | ||
| 008 | 161006s2016 ii ab b 000 0 eng d | ||
| 010 | _a 2016362585 | ||
| 020 | _a9789351481454 (HB) | ||
| 020 | _a9789351481461 (PB) | ||
| 020 | _a935148145X | ||
| 025 | _aI-E-2016362585 ; 49-24 | ||
| 035 | _a(OCoLC)ocn959968100 | ||
| 035 | _a(OCoLC)959968100 | ||
| 037 | _bLibrary of Congress -- New Delhi Overseas Office | ||
| 040 |
_aIDK _erda _cIDK _dOCLCF _dDKAGE _dDLC |
||
| 042 |
_alccopycat _alcode _apcc |
||
| 043 | _aa-ii--- | ||
| 050 | 0 | 0 |
_aTD789.I42 _bT757 2016 |
| 082 | 0 | 4 |
_a363.728095483 _223 _bSHI |
| 100 | 1 |
_aShibu Mayam, R., _d1981- _eauthor. _912065 |
|
| 245 | 1 | 0 |
_aZero waste economy : _btheological insights for urban sustainable waste management / _cR. Shibu Mayam. |
| 250 | _aFirst edition. | ||
| 264 | 1 |
_aNew Delhi : _bChristian World Imprints, _c2016. |
|
| 300 |
_axviii, 160 pages : _billustrations, map ; _c23 cm |
||
| 336 |
_atext _btxt _2rdacontent |
||
| 337 |
_aunmediated _bn _2rdamedia |
||
| 338 |
_avolume _bnc _2rdacarrier |
||
| 490 | 1 |
_aChristian heritage rediscovered ; _v42 |
|
| 500 | _aOriginally presented as author's theses (Master of Theology)--Senate of Serampore College. | ||
| 504 | _aIncludes bibliographical references (pages 131-148). | ||
| 505 | 0 | _aHistory of waste disposal in Trivandrum and conflict with Vilappilsala Janakeeya Samithy -- Nature of resistance against the system of waste disposal -- Impact of the solid waste treatment plant in Valappilsala -- Addressing solid waste accumulation and alternatives -- Theological reflection on waste management. | |
| 610 | 2 | 0 |
_aVilappilsala Janakeeya Samithy (Firm) _912066 |
| 650 | 0 |
_aRefuse and refuse disposal _zIndia _zTrivandrum (District) _912067 |
|
| 650 | 0 |
_aRefuse and refuse disposal _xEnvironmental aspects _zIndia _zTrivandrum (District) _912068 |
|
| 650 | 0 |
_aRefuse and refuse disposal _xReligious aspects. _912069 |
|
| 650 | 0 |
_aRecycling (Waste, etc.) _912070 |
|
| 830 | 0 |
_aChristian heritage rediscovered ; _v42. _912071 |
|
| 906 |
_a7 _bcbc _ccopycat _d3 _encip _f20 _gy-gencatlg |
||
| 942 |
_2ddc _cBK _04 |
||